[Event "International Championship of Central S"]
[Site "Paracin, hotel "]
[Date "2016.07.07"]
[Round "1.26"]
[White "Gulden, Egemen"]
[Black "Brankovic, Dejan"]
[Result "1/2-1/2"]
[WhiteElo "2122"]
[BlackElo "2353"]
[PlyCount "57"]
[EventDate "2016.07.07"]

1. e4 c5 2. Nc3 Nc6 3. g3 g6 4. Bg2 Bg7 5. d3 e6 6. Be3 Nd4 7. Qd2 Ne7 8. Nd1
e5 9. c3 Ne6 10. c4 O-O 11. Ne2 d6 12. Ndc3 Nd4 13. O-O a6 14. Bh6 Bg4 15. Bxg7
Kxg7 16. f3 Bd7 17. f4 Bg4 18. Nxd4 cxd4 19. Nd5 Nxd5 20. cxd5 f6 21. f5 g5 22.
Rac1 Qb6 23. Rc4 Rac8 24. Rfc1 Rxc4 25. Rxc4 Bh5 26. Rb4 Qc7 27. Rc4 Qb6 28.
Rb4 Qc7 29. Rc4 1/2-1/2

[Event "International Championship of Central S"]
[Site "Paracin, hotel "]
[Date "2016.07.07"]
[Round "1.27"]
[White "Sredojevic, Ivan"]
[Black "Stanojevic, Ilija"]
[Result "1-0"]
[WhiteElo "2342"]
[BlackElo "2119"]
[PlyCount "67"]
[EventDate "2016.07.07"]

1. e4 e5 2. Nf3 Nc6 3. Nc3 Nf6 4. a3 Bc5 5. Bb5 d6 6. d4 exd4 7. Nxd4 Bd7 8.
Bxc6 bxc6 9. O-O h6 10. Re1 O-O 11. h3 Re8 12. Bf4 a5 13. Nb3 Bb6 14. a4 Be6
15. Nd4 Bxd4 16. Qxd4 Nd7 17. Rad1 Rb8 18. b3 c5 19. Qd2 c4 20. bxc4 Rb4 21. e5
dxe5 22. Rxe5 Rxc4 23. Bg3 Qf6 24. Nd5 Qg6 25. Re2 Nf6 26. Nxc7 Rc8 27. Nxe6
fxe6 28. Qxa5 Rxc2 29. Rxe6 Rc1 30. Rxc1 Rxc1+ 31. Re1 Rc2 32. Qb6 Kh7 33. Be5
Ra2 34. Bxf6 1-0

[Event "International Championship of Central S"]
[Site "Paracin, hotel "]
[Date "2016.07.07"]
[Round "1.28"]
[White "Topel, Zehra"]
[Black "Nestorovic, Lazar"]
[Result "1/2-1/2"]
[WhiteElo "2107"]
[BlackElo "2340"]
[PlyCount "103"]
[EventDate "2016.07.07"]

1. d4 Nf6 2. c4 e6 3. Nf3 b6 4. g3 Bb7 5. Bg2 Be7 6. Nc3 O-O 7. Qc2 Bb4 8. O-O
Bxc3 9. Qxc3 d6 10. b3 Nbd7 11. Bb2 Be4 12. Nd2 Bxg2 13. Kxg2 Qe7 14. e4 e5 15.
Rae1 Rae8 16. f4 Nh5 17. Qf3 g6 18. Nb1 exf4 19. gxf4 Qh4 20. Nc3 Ndf6 21. Nd5
Nxd5 22. cxd5 f5 23. e5 Nf6 24. Rc1 Ne4 25. Rxc7 Nd2 26. Qg3 Qd8 27. Rfc1 dxe5
28. dxe5 Qxd5+ 29. Kh3 Re6 30. Rd1 g5 31. fxg5 f4 32. Qc3 f3 33. Qc2 Rg6 34.
Rxd2 Qe6+ 35. Kh4 Rf4+ 36. Kg3 Qg4+ 37. Kf2 Qg2+ 38. Ke3 Qxg5 39. Rc8+ Rf8+ 40.
Kd4 Qg4+ 41. Qe4 Qxc8 42. Ke3 Qh3 43. Qc4+ Kg7 44. Rf2 Qh6+ 45. Kd3 Re6 46. Qd5
Qg6+ 47. Kc4 Rf4+ 48. Bd4 Qf7 49. Kc3 a6 50. Kb2 Kg8 51. Qd8+ Kg7 52. Qg5+
1/2-1/2

[Event "International Championship of Central S"]
[Site "Paracin, hotel "]
[Date "2016.07.07"]
[Round "1.29"]
[White "Pantelic, Sasa"]
[Black "Petrovic, Marija"]
[Result "1-0"]
[WhiteElo "2340"]
[BlackElo "2105"]
[PlyCount "43"]
[EventDate "2016.07.07"]

1. d4 d5 2. c4 c6 3. cxd5 cxd5 4. Nc3 Nf6 5. Bf4 Qb6 6. e3 Qxb2 7. Bb5+ Nc6 8.
Nge2 Qa3 9. O-O e6 10. Qc2 Bd7 11. Rab1 Nb4 12. Bxd7+ Nxd7 13. Qd2 a6 14. Rb3
Qa5 15. a3 Nc6 16. Rxb7 Qxa3 17. e4 Na5 18. Rxd7 Kxd7 19. exd5 Bb4 20. dxe6+
fxe6 21. d5 Rhd8 22. Qd4 1-0

[Event "International Championship of Central S"]
[Site "Paracin, hotel "]
[Date "2016.07.07"]
[Round "1.30"]
[White "Tuna, Alp"]
[Black "Tosic, Srecko"]
[Result "1-0"]
[WhiteElo "2105"]
[BlackElo "2340"]
[PlyCount "60"]
[EventDate "2016.07.07"]

1. e4 c5 2. Nf3 e6 3. g3 a6 4. Bg2 Nc6 5. O-O b5 6. Re1 Qc7 7. c3 Nf6 8. d4
cxd4 9. cxd4 d5 10. exd5 Nxd5 11. Nc3 Be7 12. Nxd5 exd5 13. Bf4 Qd8 14. Rc1 Bb7
15. Qe2 Kf8 16. Ne5 Rc8 17. Bh3 Nxd4 18. Qh5 g6 19. Qh6+ Kg8 20. Bxc8 Bxc8 21.
Nc6 Nxc6 22. Rxc6 Bf5 23. Bc7 Qd7 24. Be5 Bf8 25. Qc1 Bg7 26. Rd6 Qe7 27. Bf4
Be6 28. Qc8+ Bf8 29. Qd8 Qxd8 30. Rxd8 f5 1-0

[Event "International Championship of Central S"]
[Site "Paracin, hotel "]
[Date "2016.07.07"]
[Round "1.31"]
[White "Ardeleanu, Alin"]
[Black "Malinarski, Yehuda"]
[Result "1-0"]
[WhiteElo "2338"]
[BlackElo "2104"]
[PlyCount "47"]
[EventDate "2016.07.07"]

1. e4 c5 2. Nf3 e6 3. b3 Nf6 4. e5 Nd5 5. c4 Nb4 6. a3 N4c6 7. Bb2 Be7 8. g3
O-O 9. Bg2 f5 10. Nc3 a6 11. Ne2 b5 12. O-O bxc4 13. bxc4 a5 14. Nc3 g5 15. Nb5
g4 16. Ne1 Ra6 17. Nd3 Rb6 18. Bc3 Ba6 19. Rb1 Qc8 20. Qa4 Bb7 21. Nd6 Rxb1 22.
Nxc8 Rxf1+ 23. Kxf1 Rxc8 24. h3 1-0

[Event "International Championship of Central S"]
[Site "Paracin, hotel "]
[Date "2016.07.07"]
[Round "1.32"]
[White "Apontecastillo, Ernesto"]
[Black "Blazeka, Matej"]
[Result "1/2-1/2"]
[WhiteElo "2100"]
[BlackElo "2328"]
[PlyCount "73"]
[EventDate "2016.07.07"]

1. d4 Nf6 2. c4 e6 3. Nf3 d5 4. g3 c6 5. Bg2 dxc4 6. Ne5 b5 7. O-O Bb7 8. a4 a6
9. b3 cxb3 10. axb5 axb5 11. Rxa8 Bxa8 12. Qxb3 Be7 13. Qa2 Bb7 14. Qa7 Qc8 15.
Ba3 b4 16. Bb2 Nbd7 17. Nc4 Qa8 18. Qxa8+ Bxa8 19. Nbd2 O-O 20. Ra1 Nd5 21. Ra7
Rd8 22. e4 Nc3 23. e5 f6 24. f4 Nd5 25. f5 fxe5 26. fxe6 N7f6 27. Nxe5 c5 28.
Nd7 Nxd7 29. Rxd7 cxd4 30. Bxd4 Rxd7 31. exd7 Kf7 32. Bxd5+ Bxd5 33. Bb6 b3 34.
d8=Q Bxd8 35. Bxd8 b2 36. Ba5 Ba2 37. Bc3 1/2-1/2

[Event "International Championship of Central S"]
[Site "Paracin, hotel "]
[Date "2016.07.07"]
[Round "1.33"]
[White "Mladenovic, Stefan"]
[Black "Mamontova, Anastasia"]
[Result "1-0"]
[WhiteElo "2327"]
[BlackElo "2084"]
[PlyCount "83"]
[EventDate "2016.07.07"]

1. d4 Nf6 2. Nf3 g6 3. Bf4 Bg7 4. e3 O-O 5. Be2 d6 6. h3 Nbd7 7. O-O c6 8. c4
Qc7 9. Nc3 e5 10. Bh2 exd4 11. exd4 Rd8 12. c5 Bf8 13. Nd2 b6 14. Nce4 bxc5 15.
dxc5 Qb7 16. cxd6 Qxb2 17. Bc4 Qd4 18. Qf3 Bh6 19. Nxf6+ Nxf6 20. Nb3 Qxc4 21.
Qxf6 Re8 22. Be5 Rxe5 23. Qxe5 Be6 24. Rad1 Rd8 25. Qa5 Qh4 26. Rd4 Qf6 27.
Rfd1 Bd5 28. Rxd5 cxd5 29. Qxd5 Bf4 30. d7 Bc7 31. Nc5 Bb6 32. Nb7 Qxf2+ 33.
Kh1 Rb8 34. d8=Q+ Bxd8 35. Nxd8 Rb2 36. a4 Re2 37. Nc6 Qg3 38. Rf1 Kh8 39. Qd8+
Kg7 40. Qf6+ Kh6 41. Qf4+ Qxf4 42. Rxf4 1-0

[Event "International Championship of Central S"]
[Site "Paracin, hotel "]
[Date "2016.07.07"]
[Round "1.34"]
[White "Sukovic, Andrej"]
[Black "Carnic, Srdjan"]
[Result "0-1"]
[WhiteElo "2084"]
[BlackElo "2318"]
[PlyCount "62"]
[EventDate "2016.07.07"]

1. e4 e6 2. d4 d5 3. Nc3 Nf6 4. e5 Nfd7 5. f4 c5 6. Nf3 Nc6 7. Be3 Be7 8. Be2
O-O 9. O-O a6 10. a3 b6 11. Rf2 Qc7 12. Qf1 f6 13. exf6 Bxf6 14. Qd1 Bb7 15.
Qd2 Rad8 16. Raf1 Qd6 17. Na4 cxd4 18. Nxd4 Nc5 19. Nxc5 bxc5 20. Nxc6 Qxc6 21.
Qa5 d4 22. Bd2 Rd7 23. Bc4 Bd8 24. Bxe6+ Qxe6 25. Qxc5 Bb6 26. f5 Qc6 27. Qe5
d3 28. Be3 Rd5 29. Qg3 Bxe3 30. Qxe3 Rdxf5 31. cxd3 Qxg2+ 0-1

[Event "International Championship of Central S"]
[Site "Paracin, hotel "]
[Date "2016.07.07"]
[Round "1.35"]
[White "Yurtseven, Melih"]
[Black "Samani, Yamac"]
[Result "1-0"]
[WhiteElo "2318"]
[BlackElo "2083"]
[PlyCount "51"]
[EventDate "2016.07.07"]

1. Nf3 Nf6 2. b3 g6 3. Bb2 Bg7 4. c4 O-O 5. g3 Nc6 6. Bg2 d5 7. cxd5 Nxd5 8.
Bxg7 Kxg7 9. Qc2 e5 10. Qb2 f6 11. d3 Be6 12. O-O Qd7 13. Rc1 Nde7 14. Nc3 Rac8
15. b4 b6 16. Ne4 Rfd8 17. h4 Nd4 18. Nh2 h5 19. e3 Ndc6 20. Nf3 Qxd3 21. b5
Qxe4 22. Ng5 Qb4 23. Nxe6+ Kh6 24. Qxb4 Nxb4 25. Nxd8 Rxd8 26. Rxc7 1-0

[Event "International Championship of Central S"]
[Site "Paracin, hotel "]
[Date "2016.07.07"]
[Round "1.36"]
[White "Bozilov, Dragan"]
[Black "Garic, Radomir"]
[Result "1/2-1/2"]
[WhiteElo "2075"]
[BlackElo "2317"]
[PlyCount "41"]
[EventDate "2016.07.07"]

1. e4 Nc6 2. d4 e5 3. Nf3 exd4 4. Nxd4 Qf6 5. Nxc6 Bc5 6. Qd2 dxc6 7. Nc3 Be6
8. Bd3 O-O-O 9. Qe2 Ne7 10. e5 Qh4 11. O-O Bg4 12. Qe1 Bf5 13. Bxf5+ Nxf5 14.
Ne4 Be7 15. Ng3 Nxg3 16. hxg3 Qb4 17. Qxb4 Bxb4 18. Bg5 Rd7 19. Rad1 h6 20. Be3
Rxd1 21. Rxd1 1/2-1/2

[Event "International Championship of Central S"]
[Site "Paracin, hotel "]
[Date "2016.07.07"]
[Round "1.37"]
[White "Ivic, Velimir"]
[Black "Ozates, Tuna"]
[Result "1-0"]
[WhiteElo "2315"]
[BlackElo "2074"]
[PlyCount "99"]
[EventDate "2016.07.07"]

1. e4 c5 2. Nf3 Nc6 3. Bb5 d6 4. O-O Bd7 5. c3 a6 6. Bc4 b5 7. Bb3 c4 8. Bc2
Bg4 9. d4 cxd3 10. Qxd3 Nf6 11. Bg5 Nd7 12. Nbd2 Nc5 13. Qe3 h6 14. Bh4 Qc7 15.
e5 e6 16. Bg3 d5 17. Nd4 Nd7 18. Nxc6 Qxc6 19. Qf4 Be2 20. Rfe1 g5 21. Qe3 Bh5
22. Nb3 Nb6 23. Nd4 Qc5 24. b3 Rc8 25. Bd3 Be7 26. Rac1 O-O 27. f4 Nd7 28. f5
Qb6 29. f6 Ba3 30. Rc2 Nc5 31. Nf3 Nxd3 32. Qxb6 Bc5+ 33. Qxc5 Rxc5 34. Re3 Bg6
35. Rd2 Nf4 36. Be1 Rfc8 37. Rd4 Bb1 38. h4 Ng6 39. hxg5 h5 40. g4 hxg4 41.
Rxg4 Bxa2 42. Nh4 Bxb3 43. Nxg6 fxg6 44. Rh4 Rc4 45. Rh6 Rg4+ 46. Kh2 Rxg5 47.
Reh3 Rf8 48. Rh8+ Kf7 49. R3h7+ Ke8 50. Re7+ 1-0

[Event "International Championship of Central S"]
[Site "Paracin, hotel "]
[Date "2016.07.07"]
[Round "1.38"]
[White "Mitev, Valentin"]
[Black "Bosnjak, Petar"]
[Result "1/2-1/2"]
[WhiteElo "2073"]
[BlackElo "2311"]
[PlyCount "64"]
[EventDate "2016.07.07"]

1. d4 Nf6 2. Bg5 e6 3. e4 h6 4. Bxf6 Qxf6 5. c3 d6 6. Bd3 e5 7. Ne2 Qd8 8. O-O
Be7 9. Nd2 O-O 10. f4 Nd7 11. Nf3 b6 12. dxe5 dxe5 13. Bb5 Bd6 14. Qd5 Rb8 15.
Bxd7 Bxd7 16. Nxe5 Be6 17. Qb5 a6 18. Qa4 Bxe5 19. fxe5 Qg5 20. Nf4 Qxe5 21.
Qd4 Qg5 22. Nxe6 fxe6 23. Qc4 Qe5 24. Rad1 Rbd8 25. Qe2 a5 26. a4 Rxd1 27. Rxd1
Qc5+ 28. Kh1 Rf2 29. Qg4 Qc4 30. h3 Rf1+ 31. Rxf1 Qxf1+ 32. Kh2 Qf6 1/2-1/2

[Event "International Championship of Central S"]
[Site "Paracin, hotel "]
[Date "2016.07.07"]
[Round "1.39"]
[White "Cvetkovic, Srdjan"]
[Black "Can, Isik"]
[Result "1-0"]
[WhiteElo "2306"]
[BlackElo "2072"]
[PlyCount "43"]
[EventDate "2016.07.07"]

1. c4 e5 2. g3 Nf6 3. Bg2 d5 4. cxd5 Nxd5 5. Nc3 Nb6 6. Nf3 Nc6 7. O-O Be7 8.
b3 O-O 9. Bb2 Be6 10. Rc1 f5 11. d3 Qd7 12. Nd2 Bg5 13. f4 exf4 14. gxf4 Qd4+
15. Kh1 Bxf4 16. Na4 Qd6 17. Nc5 Nd8 18. Nxe6 Nxe6 19. Bxb7 Rad8 20. Bg2 c5 21.
b4 Bxd2 22. bxc5 1-0

[Event "International Championship of Central S"]
[Site "Paracin, hotel "]
[Date "2016.07.07"]
[Round "1.40"]
[White "Agdelen, Huseyin Can"]
[Black "Todorovic, Nenad I"]
[Result "1-0"]
[WhiteElo "2061"]
[BlackElo "2306"]
[PlyCount "83"]
[EventDate "2016.07.07"]

1. e4 c5 2. Nf3 d6 3. d4 cxd4 4. Nxd4 Nf6 5. Nc3 a6 6. h3 e5 7. Nde2 h5 8. g3
Be6 9. Bg2 Nbd7 10. O-O Rc8 11. a4 Be7 12. Be3 Qc7 13. b3 Nc5 14. f4 b6 15. Nd5
Nxd5 16. exd5 Bd7 17. fxe5 dxe5 18. c4 a5 19. Nc3 g6 20. Ra2 Qd6 21. Kh1 f5 22.
Re2 O-O 23. Nb1 h4 24. gxh4 Bxh4 25. Nd2 Kg7 26. Nf3 Bf6 27. Bg1 Rce8 28. Bh2
f4 29. Nd2 Rh8 30. Rg1 Bxh3 31. Bxh3 Rxh3 32. Qc2 g5 33. Qf5 e4 34. Qxh3 Rh8
35. Qf5 f3 36. Nxf3 exf3 37. Qxf3 Kg6 38. Qg3 Qd7 39. Rf1 Be7 40. Qe5 Re8 41.
d6 Qb7+ 42. Rg2 1-0

[Event "International Championship of Central S"]
[Site "Paracin, hotel "]
[Date "2016.07.07"]
[Round "1.41"]
[White "Rajkovic, Mladen"]
[Black "Dogan, Mire Deniz"]
[Result "0-1"]
[WhiteElo "2303"]
[BlackElo "2042"]
[PlyCount "60"]
[EventDate "2016.07.07"]

1. e4 c5 2. Nf3 d6 3. d4 cxd4 4. Nxd4 Nf6 5. f3 a6 6. c4 e5 7. Nc2 Nc6 8. Nc3
Be6 9. Ne3 Rc8 10. Ned5 Bxd5 11. cxd5 Nd4 12. Be3 Qb6 13. Bxd4 exd4 14. Ne2
Qxb2 15. Rb1 Qa3 16. Qxd4 Nd7 17. Rxb7 Nc5 18. Rb1 Nd3+ 19. Kd1 Nf2+ 20. Kd2
Be7 21. Nc3 Bf6 22. Qxf2 Rxc3 23. Rb8+ Bd8 24. Be2 O-O 25. Rhb1 Ba5 26. Rxf8+
Kxf8 27. Kd1 Qa4+ 28. Rb3 Rxb3 29. axb3 Qxb3+ 30. Kc1 Bb6 0-1

[Event "International Championship of Central S"]
[Site "Paracin, hotel "]
[Date "2016.07.07"]
[Round "1.42"]
[White "Sahin, Ozgun"]
[Black "Nester, Ihor"]
[Result "1/2-1/2"]
[WhiteElo "2042"]
[BlackElo "2300"]
[PlyCount "74"]
[EventDate "2016.07.07"]

1. e4 d6 2. d4 Nf6 3. Nc3 e5 4. dxe5 dxe5 5. Qxd8+ Kxd8 6. Bg5 c6 7. O-O-O+ Ke8
8. Nf3 Nbd7 9. h3 Bc5 10. Bh4 Bb6 11. Bc4 h6 12. g4 Ke7 13. Rhg1 Bc7 14. g5
hxg5 15. Rxg5 g6 16. Rdg1 Nf8 17. R5g3 Be6 18. Bd3 N8d7 19. Nd1 Rh5 20. Ne3
Rah8 21. Bxf6+ Kxf6 22. Ng5 Nc5 23. Rf3+ Ke7 24. a3 Rd8 25. b4 Nxd3+ 26. cxd3
Rxd3 27. Nf5+ gxf5 28. Rxd3 fxe4 29. Nxe4 Rxh3 30. Rxh3 Bxh3 31. Kc2 a5 32. Re1
axb4 33. axb4 Bb6 34. Nc5 Bxc5 35. bxc5 Ke6 36. Rb1 Kd5 37. Rxb7 Be6 1/2-1/2

[Event "International Championship of Central S"]
[Site "Paracin, hotel "]
[Date "2016.07.07"]
[Round "1.43"]
[White "Radovic, Janko"]
[Black "Soilemetzidis, Konstantinos"]
[Result "1-0"]
[WhiteElo "2299"]
[BlackElo "2035"]
[PlyCount "71"]
[EventDate "2016.07.07"]

1. e4 g6 2. d4 Bg7 3. Nc3 c6 4. Nf3 d5 5. Be2 dxe4 6. Nxe4 Nd7 7. O-O Ngf6 8.
Ng3 O-O 9. Bg5 Qb6 10. Qc1 c5 11. c3 cxd4 12. Nxd4 Nc5 13. Qc2 Ne6 14. Nxe6
Bxe6 15. Rfd1 Rfd8 16. c4 Rxd1+ 17. Rxd1 Qa5 18. Qd2 Qxa2 19. Qb4 Nd7 20. Qxb7
Rb8 21. Rxd7 Qa1+ 22. Bf1 Be5 23. Qxb8+ Bxb8 24. Rd8+ Kg7 25. Rxb8 f6 26. Be3
Bxc4 27. Rb7 h5 28. h4 g5 29. Rxe7+ Kg6 30. Rxa7 Qb1 31. hxg5 h4 32. Rc7 Bxf1
33. Nxf1 h3 34. gxh3 Qxb2 35. Rc6 Qe5 36. Rxf6+ 1-0

[Event "International Championship of Central S"]
[Site "Paracin, hotel "]
[Date "2016.07.07"]
[Round "1.44"]
[White "Suc, Timothy"]
[Black "Gajic, Mladen"]
[Result "0-1"]
[WhiteElo "2034"]
[BlackElo "2295"]
[PlyCount "46"]
[EventDate "2016.07.07"]

1. e4 Nf6 2. Nc3 d5 3. e5 Nfd7 4. Nxd5 Nxe5 5. Ne3 Nbc6 6. b3 Ng6 7. Bb2 e5 8.
Bc4 Bc5 9. g3 O-O 10. h4 e4 11. Qh5 Bd4 12. O-O-O Nce5 13. Be2 Bxb2+ 14. Kxb2
a5 15. d4 exd3 16. Bxd3 Nxd3+ 17. Rxd3 Qf6+ 18. Kb1 a4 19. Qe2 axb3 20. cxb3
Ne5 21. Nd5 Qd6 22. Rd2 Bf5+ 23. Ka1 Bd3 0-1

[Event "International Championship of Central S"]
[Site "Paracin, hotel "]
[Date "2016.07.07"]
[Round "1.45"]
[White "Krstulovic, Alex"]
[Black "Djordjevic, Lazar"]
[Result "1-0"]
[WhiteElo "2280"]
[BlackElo "2022"]
[PlyCount "105"]
[EventDate "2016.07.07"]

1. d4 Nf6 2. c4 g6 3. Nc3 d5 4. cxd5 Nxd5 5. e4 Nxc3 6. bxc3 Bg7 7. Be3 c5 8.
Rc1 Qa5 9. Qd2 O-O 10. Nf3 cxd4 11. cxd4 Qxd2+ 12. Bxd2 Nc6 13. d5 Ne5 14. Bb5
Bd7 15. Be2 Rac8 16. O-O Nxf3+ 17. gxf3 Bf6 18. f4 Rfe8 19. Rxc8 Rxc8 20. e5
Bh4 21. Bd3 a5 22. Bxa5 Rc5 23. Bb6 Rxd5 24. Bc4 Rd2 25. Be3 Rc2 26. Bb3 Rc8
27. Rd1 Bc6 28. f5 Kg7 29. Rd4 g5 30. Bd5 Bxd5 31. Rxd5 g4 32. Rd4 h5 33. h3 f6
34. e6 Bg5 35. hxg4 Bxe3 36. fxe3 hxg4 37. Rxg4+ Kf8 38. Rd4 b5 39. a4 bxa4 40.
Rxa4 Rc5 41. e4 Rc2 42. Ra8+ Kg7 43. Re8 Re2 44. Rxe7+ Kh6 45. Rf7 Kg5 46. Rg7+
Kf4 47. Rg6 Rxe4 48. Rxf6 Ke5 49. Rf7 Kd6 50. Kf2 Re5 51. Kf3 Re1 52. Kf4 Rg1
53. Rd7+ 1-0

[Event "International Championship of Central S"]
[Site "Paracin, hotel "]
[Date "2016.07.07"]
[Round "1.46"]
[White "Bejatovic, Bojana"]
[Black "Radovic, Luka"]
[Result "1/2-1/2"]
[WhiteElo "2019"]
[BlackElo "2276"]
[PlyCount "182"]
[EventDate "2016.07.07"]

1. f4 g6 2. Nf3 Bg7 3. g3 c5 4. Bg2 Nc6 5. d3 d5 6. O-O e6 7. c3 Nge7 8. Qe1 b6
9. Na3 O-O 10. Bd2 a5 11. Rd1 Ba6 12. Nc2 Rc8 13. Bc1 Qc7 14. Rf2 d4 15. e4
dxe3 16. Bxe3 Nf5 17. d4 Nxe3 18. Qxe3 Ne7 19. Rfd2 Nf5 20. Qf2 Bb5 21. d5 exd5
22. Rxd5 Bc6 23. R5d2 Rfe8 24. g4 Nh6 25. Qg3 f5 26. g5 Nf7 27. Nfe1 Bf8 28.
Bxc6 Qxc6 29. Ne3 Nd6 30. Qh3 Re6 31. Nd3 Bg7 32. Ne5 Bxe5 33. fxe5 Ne4 34. Rd7
h5 35. gxh6 Rxe5 36. h7+ Kh8 37. Qh6 Qf6 38. Nd5 Qf8 39. Qxg6 f4 40. Rf7 Rg5+
41. Qxg5 Nxg5 42. Rxf8+ Rxf8 43. Ne7 Kxh7 44. Rd5 Kh6 45. Nf5+ Kg6 46. Nh4+ Kh6
47. Nf5+ Kh7 48. Nh4 Nh3+ 49. Kg2 f3+ 50. Kf1 f2 51. Rh5+ Kg8 52. Nf5 Nf4 53.
Rg5+ Kh7 54. Rg7+ Kh8 55. Rg5 Nd3 56. Rh5+ Kg8 57. Ne7+ Kf7 58. Rh3 c4 59. Nd5
Re8 60. Ne3 b5 61. b3 b4 62. bxc4 bxc3 63. Rf3+ Ke6 64. Nc2 Rd8 65. h4 Ke5 66.
h5 Ke4 67. Re3+ Kf4 68. h6 Ne5 69. Rxc3 Ng4 70. Kg2 Rd1 71. Rf3+ Ke4 72. Nd4
Rxd4 73. h7 Rd8 74. Kg3 Ne5 75. Rxf2 Rh8 76. Rh2 Nxc4 77. Kg4 Ne5+ 78. Kg3 Kf5
79. Rh5+ Ke4 80. Rh4+ Ke3 81. Rh5 Kd4 82. Kf4 Nc4 83. Kf5 a4 84. Kg6 Kc3 85.
Rh2 a3 86. Kg7 Ra8 87. h8=Q Rxh8 88. Kxh8 Ne5 89. Rh7 Kb2 90. Ra7 Kxa2 91.
Rxa3+ Kxa3 1/2-1/2

[Event "International Championship of Central S"]
[Site "Paracin, hotel "]
[Date "2016.07.07"]
[Round "1.47"]
[White "Budimir, Boris"]
[Black "Konstantinov, Aleksandar"]
[Result "*"]
[WhiteElo "2272"]
[BlackElo "2018"]
[PlyCount "90"]
[EventDate "2016.07.07"]

1. e4 e6 2. Nf3 d5 3. e5 c5 4. b4 b6 5. bxc5 bxc5 6. c3 Ne7 7. d4 Nec6 8. Be2
Be7 9. O-O O-O 10. Re1 Qb6 11. Bd3 Ba6 12. dxc5 Qc7 13. Ng5 Bxd3 14. Qxd3 Bxg5
15. Bxg5 Nxe5 16. Qg3 f6 17. Bxf6 Rxf6 18. Rxe5 Nd7 19. Re1 Qxg3 20. hxg3 Nxc5
21. Nd2 Nd3 22. Re2 Rc8 23. Rb1 Rxc3 24. Rb8+ Kf7 25. Rb7+ Kg6 26. Nf3 Rc1+ 27.
Kh2 Rf1 28. Ne5+ Nxe5 29. Rxe5 R1xf2 30. Rxa7 R2f5 31. Re1 d4 32. a4 Rd5 33. a5
d3 34. Rd1 e5 35. a6 Rfd6 36. Ra8 Rd8 37. Ra7 e4 38. Re7 Rd4 39. a7 Kf6 40. Rb7
Ra8 41. Rf1+ Ke6 42. Rff7 d2 43. Rbe7+ Kd5 44. Rc7 e3 45. g4 d1=Q *

[Event "International Championship of Central S"]
[Site "Paracin, hotel "]
[Date "2016.07.07"]
[Round "1.48"]
[White "Peycheva, Gergana"]
[Black "Tomic, Aleksandar"]
[Result "0-1"]
[WhiteElo "2016"]
[BlackElo "2272"]
[PlyCount "94"]
[EventDate "2016.07.07"]

1. e4 c5 2. d3 Nc6 3. g3 h5 4. h3 g6 5. Bg2 Bg7 6. f4 d6 7. Nf3 Bd7 8. O-O b5
9. Nc3 Rb8 10. Nd5 Nf6 11. Ne3 Qb6 12. Kh2 e6 13. c3 Ne7 14. a4 a6 15. Qe1 Bc6
16. Bd2 Qb7 17. axb5 axb5 18. e5 dxe5 19. Nxe5 Bxg2 20. Nxg2 O-O 21. Qf2 Nd7
22. Nxd7 Qxd7 23. Be3 Qxd3 24. Bxc5 Rfe8 25. Rfd1 Qe4 26. Rd7 Nc6 27. Rad1 Rbc8
28. Bb6 Bf6 29. Qf1 b4 30. cxb4 Qxb4 31. Qf2 Qxb2 32. Qxb2 Bxb2 33. Ne3 Rb8 34.
Nc4 Bf6 35. R1d6 Ne7 36. Bd8 Rc8 37. Rc7 Rcxd8 38. Rcd7 Rxd7 39. Rxd7 Nc8 40.
g4 hxg4 41. hxg4 Rd8 42. Rc7 Nd6 43. Ne3 Nb5 44. Rb7 Nd4 45. g5 Bg7 46. Ng4 Ne2
47. Rb4 Rd4 0-1

[Event "International Championship of Central S"]
[Site "Paracin, hotel "]
[Date "2016.07.07"]
[Round "1.49"]
[White "Kaufeld, Juergen"]
[Black "Chekletsov, Egor"]
[Result "1-0"]
[WhiteElo "2271"]
[BlackElo "2009"]
[PlyCount "61"]
[EventDate "2016.07.07"]

1. d4 Nf6 2. Nf3 c5 3. d5 e6 4. c4 exd5 5. cxd5 d6 6. Nc3 g6 7. g3 Bg7 8. Bg2
O-O 9. O-O a6 10. a4 Re8 11. Bf4 Nh5 12. Bg5 Bf6 13. Bh6 Bg7 14. Bxg7 Nxg7 15.
h3 f5 16. Nd2 Nd7 17. a5 b5 18. axb6 Qxb6 19. Nc4 Qc7 20. Qc2 Ne5 21. Na5 Bd7
22. Ra2 Bb5 23. Rfa1 Reb8 24. Nxb5 axb5 25. f4 Nd7 26. Nc6 Rxa2 27. Rxa2 Re8
28. Ra7 Qc8 29. Qb3 Rxe2 30. Qa3 Re8 31. Qa5 1-0

[Event "International Championship of Central S"]
[Site "Paracin, hotel "]
[Date "2016.07.07"]
[Round "1.50"]
[White "Stojkovska, Monika"]
[Black "Vujacic, Borivoje"]
[Result "1/2-1/2"]
[WhiteElo "2005"]
[BlackElo "2265"]
[PlyCount "89"]
[EventDate "2016.07.07"]

1. e4 c5 2. Nf3 d6 3. d4 cxd4 4. Nxd4 Nf6 5. Nc3 a6 6. Be3 e5 7. Nb3 Be6 8. f3
Nbd7 9. Qd2 Be7 10. g4 b5 11. g5 b4 12. gxf6 bxc3 13. Qxc3 Nxf6 14. O-O-O O-O
15. Na5 Qd7 16. Nc6 Rfc8 17. Nxe7+ Qxe7 18. Qa5 h6 19. Rg1 Kh7 20. Bd3 Bc4 21.
Kb1 Qe6 22. Qa3 Rc6 23. Bxc4 Qxc4 24. Qd3 Rd8 25. b3 Qc3 26. Bc1 Qxd3 27. Rxd3
d5 28. Bb2 d4 29. c3 Nh5 30. cxd4 Nf4 31. Rd2 exd4 32. Bxd4 g5 33. Rgd1 Rdc8
34. Be5 Ng6 35. Bb2 Nh4 36. Rd7 Kg8 37. Rd8+ Rxd8 38. Rxd8+ Kh7 39. Rd7 Kg6 40.
e5 Re6 41. Rd5 Kf5 42. Rd7 Kg6 43. Rd3 Kf5 44. Rd7 Kg6 45. Rd3 1/2-1/2

[Event "International Championship of Central S"]
[Site "Paracin, hotel "]
[Date "2016.07.07"]
[Round "1.51"]
[White "Burcu, Cagatay"]
[Black "Krasteva, Beloslava"]
[Result "1-0"]
[WhiteElo "2260"]
[BlackElo "1933"]
[PlyCount "102"]
[EventDate "2016.07.07"]

1. d4 d5 2. c4 e6 3. Nf3 Nf6 4. g3 Be7 5. Bg2 O-O 6. O-O c5 7. cxd5 exd5 8. Nc3
Be6 9. Bg5 h6 10. Bxf6 Bxf6 11. dxc5 Bxc3 12. bxc3 Nd7 13. c6 bxc6 14. Nd4 Rc8
15. Qa4 Qc7 16. Rab1 Nb6 17. Qa6 Rb8 18. Rb3 Bc8 19. Qa5 Bd7 20. Rfb1 Rfe8 21.
e3 Rec8 22. Bf1 c5 23. Nb5 Bxb5 24. Rxb5 Qe7 25. a4 Rc7 26. Qa6 Rd8 27. a5 Na4
28. Rb7 Nxc3 29. Qxa7 Rxb7 30. Rxb7 Qf6 31. Rb8 Ne4 32. Rxd8+ Qxd8 33. Qb6 Qxb6
34. axb6 Nd6 35. Ba6 c4 36. Kf1 c3 37. Ke1 c2 38. Kd2 Ne4+ 39. Kxc2 Nc5 40. Bb5
Kf8 41. Bc6 Na6 42. Kc3 Ke7 43. Bxd5 f6 44. h4 Kd6 45. Bg2 Kc5 46. b7 Nb8 47.
h5 Nd7 48. Kd3 Kb6 49. Kd4 Kc7 50. Kd5 Nf8 51. f4 g6 1-0

[Event "International Championship of Central S"]
[Site "Paracin, hotel "]
[Date "2016.07.07"]
[Round "1.52"]
[White "Cannesar, Rad"]
[Black "Dezelin, Milan"]
[Result "1-0"]
[WhiteElo "1892"]
[BlackElo "2259"]
[PlyCount "61"]
[EventDate "2016.07.07"]

1. e4 c5 2. Nf3 Nc6 3. d4 cxd4 4. Nxd4 Nf6 5. Nc3 g6 6. Bc4 Bg7 7. Be3 O-O 8.
Bb3 d6 9. f3 Bd7 10. Qd2 Qb8 11. O-O-O Rc8 12. h4 a5 13. Ndb5 a4 14. Bxa4 Ne5
15. Bb3 Nc4 16. Qe2 Nxe3 17. Qxe3 Rc5 18. Nd4 Qa7 19. g4 h5 20. g5 Ne8 21. Qf4
e6 22. Qd2 b5 23. f4 b4 24. Nce2 Qb7 25. Ng3 Rxa2 26. Bxa2 Ra5 27. Bb1 Ra1 28.
Nb3 Qa7 29. e5 Ra6 30. Qd4 Qb7 31. Nc5 1-0